| 000 | 00923nam a2200253 i 4500 | ||
|---|---|---|---|
| 001 | 157620 | ||
| 003 | ES-MaACL | ||
| 005 | 20250821111656.0 | ||
| 008 | 931025s1734 ne |||| | fre d | ||
| 040 |
_aCAM _bspa _cPAB |
||
| 100 | 1 |
_aLeti, Gregorio. _9128911 |
|
| 245 | 1 | 3 |
_aLa vie de Philippe II roi d'Espagne / _ctraduite de l'italien de Gregorio Leti ; par J.-G. Chevri'eres] ; tome troisieme. |
| 260 |
_aA Amsterdam : _bchez Pierre Mortier, _c1734. |
||
| 300 |
_a[2], 562 p. ; _c12º. |
||
| 594 | 1 | _aTrad. tomado de Palau, 136730. | |
| 597 | 1 | _aSign. : [ ]\p1\s, A-Z\p1\s2, 2A\p5\s. | |
| 600 | 0 | 4 |
_aFelipe _bII, _cRey de España _949175 |
| 700 | 1 | 1 |
_aChevri'eres, J.-G., _etrad. _9126479 |
| 700 | 1 | 1 |
_aMortier, Pieter, _eimp. _9130223 |
| 752 |
_aHolanda - _dAmsterdam |
||
| 852 |
_aES-MaACL _jR-1240-45 _z-- Enc. piel _x Olim: G-10759-64 |
||
| 999 |
_c157620 _d157620 |
||